000 00644nam a22002057a 4500
003 OSt
005 20140508101652.0
008 140508b xxu||||| |||| 00| 0 eng d
020 _a9715740758
050 _aLB 1025
_b.Al347 2003
100 _aAlcantara, Rebecca D.
245 _aTeaching strategies 1:
_bfor the teaching of the communication arts, listening, speaking, reading & writing. /
_cRebecca D. Alcantara.
250 _a3rd ed.
260 _aMakati City :
_bKatha Publishing Co., Inc,
_cc2003.
300 _a262 p. :
_c25 cm.
521 _aEDUC
650 _aTeaching strategies.
942 _2lcc
_cBK
_kFIL
999 _c115861
_d115861